Statistics for Top 15 Celebrities Born In 1946

Click here to take the quiz!

General Stats

  • This quiz has been taken 130 times
    (85 since last reset)
  • The average score is 10 of 15

Answer Stats

Answer% Correct
Donald Trump
97%
Bill Clinton
91%
George W. Bush
90%
Freddie Mercury
87%
Sylvester Stallone
80%
Andre The Giant
66%
Cher
66%
Dolly Parton
66%
Steven Spielberg
66%
Tommy Lee Jones
56%
Diane Keaton
44%
Susan Sarandon
44%
Alan Rickman
40%
Eugene Levy
30%
Tim Curry
30%

Score Distribution

Percentile by Number Answered

Percent of People with Each Score

Your Score History

You have not taken this quiz since the last reset